In what country would you find these? #2 - Statistics

General Stats
  • This quiz has been taken 51 times
  • The average score is 14 of 24
Answer Stats
Region Country % Correct
Champagne France
95%
Utah USA
95%
Rhode island USA
93%
Punjab India
89%
Tasmania Australia
86%
Saskatchewan Canada
84%
Kiev Oblast Ukraine
82%
Hokkaido Japan
77%
Tabasco Mexico
73%
New Brunswick Canada
70%
Hesse Germany
66%
Western Cape South Africa
61%
Hainan China
57%
Kazan Russia
45%
Bolívar Venezuela
45%
Vaasa Finland
43%
Qom Iran
39%
Munster Ireland
34%
Northland New Zealand
32%
Rutland UK
30%
Santa Fe Argentina
25%
Mato Grosso Brazil
25%
Jura Switzerland
20%
Pokhara Nepal
16%
No matching quizzes found
Score Distribution
Percent of People with Each Score
Percentile by Number Answered
Your Score History
You have not taken this quiz